|
|
|
|
| LEADER |
00000nam a22000007a 4500 |
| 005 |
20180421212545.0 |
| 007 |
cr|||| ||| |
| 008 |
180421s2018 mx |||||s|||| 00||0 spa d |
| 020 |
|
|
|a 978-607-406-986-0
|
| 035 |
|
|
|a 21463
|
| 040 |
|
|
|a vLex
|
| 090 |
|
|
|c 7805
|d 7805
|
| 100 |
1 |
|
|a Quevedo Ramr̕ez, Još
|
| 245 |
1 |
0 |
|a Normas de informacin̤ financiera 2018
|h [Recurso electrn̤ico] /
|c Jos ̌Quevedo Ramr̕ez
|
| 256 |
|
|
|a Servicio en ln̕ea
|
| 260 |
|
|
|a Ciudad de Mx̌ico:
|b Ediciones Fiscales ISEF,
|c 2018
|
| 300 |
|
|
|a 1 recurso electrn̤ico
|
| 500 |
|
|
|a Este tt̕ulo NORMAS DE INFORMACIÓN FINANCIERA (NIF) nos presenta una forma sencilla de interpretar y conocer el marco conceptual de las NIF vigentes en Mx̌ico desde 2006. Tambiň proporciona una visin̤ integral de la reexpresin̤ de los Estados Financieros. Es una herramienta indispensable para todo participante del proceso contable, preparadores y usuarios de la informacin̤ financiera que deba ser acorde con el marco conceptual de las NIF y para los interesados en adquirir los conocimientos prc̀ticos para efectuar la reexpresin̤ de estados financieros.
|
| 506 |
1 |
|
|a Disponible solo en los productos indicados
|d vLex Global
|d vLex Global (Academic Edition, excluding Law Schools)
|d vLex Global (U.S. Academic Edition, Law Schools)
|d vLex Global (U.S. Academic Edition, excluding Law Schools)
|d vLex Global (Academic Edition, Law Schools)
|
| 650 |
0 |
4 |
|a Derecho Fiscal
|z Mx̌ico
|
| 740 |
0 |
|
|a vLex Libros (Servicio en ln̕ea)
|
| 856 |
4 |
0 |
|u http://vlex.com/source/normas-de-informacion-financiera-2018-21463
|z Acceso restringido
|
| 942 |
|
|
|c BOOK
|
| 999 |
0 |
|
|a Tax Law
|